Statistiques concernant États des États-Unis par les deux premières lettres en 30 secondes

Cliquez ici pour prendre le quiz!

Statistiques générales

  • Ce quiz a été pris 112 603 fois
  • Le résultat moyen est 23 sur 50

Réponses sur la Carte

Les réponses sont colorées sur une échelle allant du rouge au vert en fonction du pourcentage des utilisateurs qui les ont devinées à leur premier essai. Vous pouvez retrouver ces pourcentages ci-dessous.
Chargement ...
 

Statistiques - réponses

État% Correct
Californie
86%
Caroline du Nord
86%
Caroline du Sud
86%
Nebraska
82%
Nevada
82%
New Hampshire
82%
New Jersey
82%
New York
82%
Tennessee
75%
Texas
75%
Alabama
69%
Alaska
69%
Washington
68%
Floride
61%
Michigan
60%
Minnesota
60%
Mississippi
60%
Missouri
60%
Arizona
52%
Arkansas
52%
Maine
48%
Maryland
48%
Massachusetts
48%
Dakota du Nord
46%
Dakota du Sud
46%
Colorado
39%
Connecticut
39%
Oregon
38%
Montana
37%
Nouveau-Mexique
31%
Hawaï
30%
Idaho
29%
Louisiane
29%
Ohio
29%
Illinois
27%
Utah
27%
Wisconsin
27%
Virginie
26%
Virginie-Occidentale
26%
Wyoming
25%
Iowa
24%
Kansas
23%
Géorgie
21%
Indiana
17%
Oklahoma
17%
Pennsylvanie 
17%
Vermont
17%
Delaware
16%
Kentucky
16%
Rhode Island
10%

Distribution des résultats

Percentile par nombre de réponses

% des personnes avec chaque résultat

Votre développement - résultats

Vous n’avez pas pris ce quiz